000 00199nam a2200085Ia 4500
008 120527s9999 xx 000 0 und d
100 _aGarden & Jewler
245 _aYour College experience
942 _cBK
999 _c27491
_d27491